[Event "9. Lichtenberger Sommer 2010"]
[Site "Berlin"]
[Date "2010.08.11"]
[Round "6.93"]
[White "Alvarez, Luis"]
[Black "Brylski, Nils"]
[Result "1/2-1/2"]
[WhiteElo "1879"]
[BlackElo "1396"]
[PlyCount "67"]
[EventDate "2010.??.??"]
[WhiteTeam "Schachclub Zug um Zug Everswinke"]
[BlackTeam "Peiner SV"]

1. e4 e5 2. Nf3 Nc6 3. Bc4 Be7 4. c3 Nf6 5. d3 O-O 6. h3 d5 7. exd5 Nxd5 8. O-O
Re8 9. Re1 Bc5 10. Nbd2 h6 11. Ne4 Bb6 12. Bd2 Nf6 13. Bb3 Bf5 14. Qe2 Bg6 15.
Rad1 Nxe4 16. dxe4 Qf6 17. Bd5 Rad8 18. Be3 Bxe3 19. Qxe3 Rd6 20. Qc1 Red8 21.
a3 Bh5 22. Re3 Ne7 23. Bb3 Qf4 24. Rde1 Bxf3 25. Rxf3 Qxc1 26. Rxc1 Rf6 27.
Rxf6 gxf6 28. Rd1 Rxd1+ 29. Bxd1 Kg7 30. f3 f5 31. Bc2 f4 32. Kf2 Kf6 33. g4
Ng6 34. Bb3 1/2-1/2

[Event "9. Lichtenberger Sommer 2010"]
[Site "Berlin"]
[Date "2010.08.11"]
[Round "6.94"]
[White "Nopp, Josef"]
[Black "Kammler, Hans-Joachim"]
[Result "1-0"]
[WhiteElo "1775"]
[BlackElo "1292"]
[PlyCount "51"]
[EventDate "2010.??.??"]
[WhiteTeam "SV Urfahr"]
[BlackTeam "SG Eckturm"]

1. d4 f5 2. Nf3 Nf6 3. e3 e6 4. Bd3 c5 5. Nbd2 Nc6 6. c3 Rb8 7. O-O Qc7 8. Qe2
Be7 9. b3 a6 10. Ba3 cxd4 11. Bxe7 Nxe7 12. cxd4 O-O 13. Rfc1 Qd8 14. a4 Nfd5
15. Nc4 b5 16. axb5 Rxb5 17. Qd1 Nc6 18. Nce5 Nxe5 19. Bxb5 Nxf3+ 20. Qxf3 axb5
21. Ra8 Nb6 22. Rb8 g5 23. Qe2 f4 24. exf4 Qf6 25. Rxb6 Qxf4 26. Qe3 1-0

[Event "9. Lichtenberger Sommer 2010"]
[Site "Berlin"]
[Date "2010.08.11"]
[Round "6.95"]
[White "Heldt, Ronny"]
[Black "Schacht, Thomas"]
[Result "1-0"]
[WhiteElo "1611"]
[BlackElo "1699"]
[PlyCount "31"]
[EventDate "2010.??.??"]
[WhiteTeam "SC Kreuzberg e.V."]
[BlackTeam "BSV 63 Chemie Weißensee"]

1. d4 d5 2. c4 dxc4 3. Nf3 Nf6 4. e3 e6 5. Bxc4 c5 6. Qe2 a6 7. dxc5 Bxc5 8.
O-O O-O 9. e4 b5 10. Bd3 Nc6 11. e5 Nd7 12. Bxh7+ Kxh7 13. Ng5+ Kg6 14. Qe4+
Kh5 15. Qh7+ Kg4 16. Qh3# 1-0

[Event "9. Lichtenberger Sommer 2010"]
[Site "Berlin"]
[Date "2010.08.11"]
[Round "6.96"]
[White "Mitschke, Ullrich"]
[Black "Schneider, Eckehard"]
[Result "1/2-1/2"]
[WhiteElo "1429"]
[BlackElo "1762"]
[PlyCount "119"]
[EventDate "2010.??.??"]
[WhiteTeam "Queer-Springer SSV Berlin"]
[BlackTeam "Sfrd. Berlin 1903 e.V."]

1. c4 c5 2. g3 Nc6 3. Bg2 g6 4. Nc3 Bg7 5. Rb1 Nf6 6. a3 a5 7. Nh3 O-O 8. Nf4
Re8 9. O-O d6 10. d3 e5 11. Nfd5 Nxd5 12. Nxd5 Rb8 13. b4 axb4 14. axb4 cxb4
15. Nxb4 Bd7 16. Nd5 Nd4 17. e3 Ne6 18. Ba3 Bc6 19. Qb3 Nc5 20. Bxc5 dxc5 21.
Qb6 Qd6 22. e4 Bh6 23. Rfd1 Bg5 24. Rb5 Rec8 25. Rbb1 Bd8 26. Qb2 b5 27. cxb5
Rxb5 28. Qe2 Rcb8 29. Nc3 Rb4 30. Bf1 Qd4 31. Qd2 Kg7 32. Ne2 Qd7 33. Ra1 Be7
34. Qc3 Bd6 35. Ra3 Rb2 36. Rd2 Rb1 37. Raa2 Qh3 38. Nc1 Qd7 39. Rdb2 Qg4 40.
Qc2 R1xb2 41. Rxb2 Bb5 42. Be2 Qd7 43. Nb3 Qc6 44. Nd2 Ba4 45. Qc3 Rb4 46. Nc4
Qc7 47. Kg2 Kf8 48. Ne3 Qb7 49. Nc4 Rxb2 50. Qxb2 Qxb2 51. Nxb2 Bb5 52. Nc4 Ke7
53. Kf3 f6 54. Ke3 Bc7 55. f4 exf4+ 56. gxf4 Ke6 57. h4 h6 58. h5 gxh5 59. f5+
Ke7 60. Bxh5 1/2-1/2

[Event "9. Lichtenberger Sommer 2010"]
[Site "Berlin"]
[Date "2010.08.11"]
[Round "6.97"]
[White "Blasig, Thomas"]
[Black "Mako, Attila"]
[Result "0-1"]
[WhiteElo "1109"]
[BlackElo "1747"]
[PlyCount "115"]
[EventDate "2010.??.??"]
[WhiteTeam "SC Kreuzberg e.V."]
[BlackTeam "BSC Rehberge 1945 e.V."]

1. e4 c6 2. d4 d5 3. e5 Bf5 4. Nf3 e6 5. Be2 Bb4+ 6. c3 Ba5 7. O-O Nd7 8. Be3
Ne7 9. Nbd2 Rc8 10. Nh4 Ng6 11. Nxf5 exf5 12. f4 Bb6 13. Nf3 h6 14. Bd3 Ne7 15.
Nh4 g6 16. Nf3 Nf8 17. Kf2 Ne6 18. Rh1 c5 19. Rc1 Nc6 20. Bb5 a6 21. Ba4 Ba7
22. Bxc6+ Rxc6 23. Rc2 g5 24. dxc5 gxf4 25. Bd4 Bxc5 26. Bxc5 Nxc5 27. h4 Ne4+
28. Ke1 Rg8 29. Rg1 Re6 30. Rd2 Nxd2 31. Qxd2 Reg6 32. Kf1 Ke7 33. Qxf4 Qd7 34.
Nd4 Kd8 35. Nc2 Qb5+ 36. Kf2 Qd3 37. Nd4 Rg4 38. Qf3 Qd2+ 39. Ne2 Re4 40. Re1
Rgg4 41. g3 Rxe5 42. Kf1 Rge4 43. Qf2 Re3 44. Qf4 Qd3 45. Qd4 Qxd4 46. cxd4 Re6
47. Kf2 Ke7 48. a4 b5 49. a5 b4 50. b3 Kd6 51. h5 Kc6 52. Rc1+ Kd6 53. Re1 Rxb3
54. Nf4 Rxe1 55. Kxe1 Rxg3 56. Kd2 Rg4 57. Nd3 Rxd4 58. Ke3 0-1

[Event "9. Lichtenberger Sommer 2010"]
[Site "Berlin"]
[Date "2010.08.11"]
[Round "6.98"]
[White "Bauer, Stefan"]
[Black "Trotzke, Johannes"]
[Result "1-0"]
[WhiteElo "1684"]
[BlackElo "1234"]
[PlyCount "105"]
[EventDate "2010.??.??"]
[WhiteTeam "SC Kreuzberg e.V."]
[BlackTeam "KSC Strausberg Abt. Schach"]

1. Nf3 d5 2. d4 e6 3. g3 Nf6 4. Bg2 c5 5. Bg5 Nc6 6. c3 h6 7. Bd2 Qb6 8. Bc1
cxd4 9. cxd4 Bb4+ 10. Nc3 Qa5 11. Bd2 Ne4 12. Qc2 Nxd2 13. Qxd2 O-O 14. O-O Qc7
15. a3 Be7 16. Rac1 a6 17. b4 Qb6 18. e3 Bf6 19. Rfd1 Qd8 20. Bf1 Re8 21. Bd3
e5 22. Bb1 e4 23. Ne1 Bg4 24. Ne2 g6 25. Rc5 Qd7 26. Rdc1 Be7 27. R5c3 Bf3 28.
Ba2 g5 29. Bb3 Red8 30. Ba4 Qg4 31. Bd1 Rd6 32. R3c2 Qh3 33. Nc3 g4 34. Bxf3
gxf3 35. Na4 Rad8 36. Nc5 Rg6 37. Nxb7 Rb8 38. Rxc6 Rxb7 39. Rxg6+ fxg6 40. Rc6
a5 41. Qa2 axb4 42. Qxd5+ Kg7 43. Rxg6+ Kxg6 44. Qxe4+ Qf5 45. Qc6+ Bf6 46.
Qxb7 Qb1 47. Kf1 Qd1 48. Qxb4 Qe2+ 49. Kg1 Be7 50. Qb1+ Kg7 51. h4 Bxa3 52.
Qb7+ Kf6 53. Nxf3 1-0

[Event "9. Lichtenberger Sommer 2010"]
[Site "Berlin"]
[Date "2010.08.11"]
[Round "6.99"]
[White "Heyne, Klaus"]
[Black "Stiemerling, Karl-Heinz"]
[Result "1/2-1/2"]
[WhiteElo "1479"]
[BlackElo "1725"]
[PlyCount "94"]
[EventDate "2010.??.??"]
[WhiteTeam "SV Berolina Mitte e.V."]
[BlackTeam "SG Eckturm"]

1. d4 d5 2. Nf3 c6 3. e3 Bg4 4. Be2 Nd7 5. O-O Ngf6 6. Nbd2 h6 7. h3 Bh5 8. Nh2
Bxe2 9. Qxe2 e6 10. Nhf3 Bd6 11. c4 dxc4 12. Nxc4 Bc7 13. Ncd2 O-O 14. b3 e5
15. dxe5 Nxe5 16. Bb2 Nxf3+ 17. Nxf3 Re8 18. Rfd1 Qe7 19. Bxf6 Qxf6 20. Rab1
Re4 21. Qb2 Qe6 22. Rd4 Re8 23. Rbd1 c5 24. Rd7 Re7 25. R7d5 b6 26. R5d3 g5 27.
Rd5 f6 28. g4 Rf7 29. Qd2 Qc6 30. Rd7 Ree7 31. Qd5 Qxd5 32. R7xd5 Kg7 33. Kg2
a6 34. R5d3 b5 35. Rd5 Bb6 36. Rd6 Rb7 37. R6d5 Rfc7 38. e4 Re7 39. e5 fxe5 40.
Nxe5 c4 41. bxc4 Bc7 42. Nc6 Rf7 43. cxb5 Bb6 44. f3 axb5 45. Nd8 Bxd8 46. Rxd8
b4 47. R8d3 Rfc7 1/2-1/2

[Event "9. Lichtenberger Sommer 2010"]
[Site "Berlin"]
[Date "2010.08.11"]
[Round "6.100"]
[White "Wierzbicki, Jirawat"]
[Black "Völler, Lothar"]
[Result "0-1"]
[WhiteElo "1419"]
[BlackElo "1533"]
[PlyCount "166"]
[EventDate "2010.??.??"]
[WhiteTeam "SG Grün-Weiß Baumschulenweg e.V."]
[BlackTeam "Freier Sportverein von 1898 Dort"]

1. e4 e5 2. f4 exf4 3. Nf3 d6 4. h3 g5 5. d4 Bg7 6. Be2 h6 7. Nc3 Ne7 8. Bd2
O-O 9. Bc4 c6 10. Bb3 d5 11. exd5 Nxd5 12. Nxd5 cxd5 13. O-O Nc6 14. c3 Be6 15.
Qe2 Ne7 16. Rae1 Nf5 17. Rf2 a6 18. Bc2 Ng3 19. Qd1 b5 20. Ne5 Qc8 21. Kh2 Bf5
22. Bxf5 Qxf5 23. Qb3 Ne4 24. Rfe2 Bxe5 25. dxe5 Nxd2 26. Rxd2 f3 27. Rf2 Qf4+
28. g3 Qc4 29. Qxc4 dxc4 30. Rxf3 Rad8 31. Kg1 Rd2 32. Rf2 Rfd8 33. Rxd2 Rxd2
34. Rb1 Re2 35. Rd1 Rxe5 36. Rb1 Re2 37. Kh1 Kg7 38. a3 h5 39. b3 cxb3 40. Rxb3
Rc2 41. Kg1 Kg6 42. Kh1 g4 43. hxg4 hxg4 44. Kg1 f5 45. Kf1 Kg5 46. Kg1 Kf6 47.
Kh1 Ke5 48. Kg1 Kd5 49. Kf1 Kc4 50. Rb4+ Kxc3 51. Rf4 Kb3 52. Rxf5 Kxa3 53. Rf4
Rc4 54. Rf6 a5 55. Rf5 Ka4 56. Rf2 b4 57. Ra2+ Kb5 58. Rb2 a4 59. Ra2 b3 60.
Rb2 Kb4 61. Ke2 Rc2+ 62. Rxc2 bxc2 63. Kd2 Kb3 64. Kc1 a3 65. Kd2 Kb2 66. Ke3
c1=R 67. Kf4 Rg1 68. Kxg4 Rxg3+ 69. Kxg3 a2 70. Kg4 a1=R 71. Kf5 Kc3 72. Kg6
Rf1 73. Kg7 Kd4 74. Kg8 Rf6 75. Kg7 Ke5 76. Kh7 Kf5 77. Kg7 Kg5 78. Kh7 Rf7+
79. Kh8 Ra7 80. Kg8 Kf6 81. Kh8 Ra8+ 82. Kh7 Rb8 83. Kh6 Rh8# 0-1

[Event "9. Lichtenberger Sommer 2010"]
[Site "Berlin"]
[Date "2010.08.11"]
[Round "6.102"]
[White "Winz, Michael"]
[Black "Lippianowski, Stefan"]
[Result "1-0"]
[WhiteElo "1697"]
[BlackElo "1301"]
[PlyCount "59"]
[EventDate "2010.??.??"]
[WhiteTeam "SC Friesen Lichtenberg e.V."]
[BlackTeam "Treptower SV 1949 e.V."]

1. d4 d5 2. c4 Bf5 3. Nc3 Nf6 4. Nf3 Nbd7 5. Bg5 e6 6. e3 h6 7. Bh4 Be7 8. cxd5
exd5 9. Qb3 Nb6 10. Be2 Ne4 11. Bxe7 Qxe7 12. O-O c6 13. Qd1 O-O 14. Bd3 Rfe8
15. Ne5 Qg5 16. Qe2 Bh3 17. f4 Qxg2+ 18. Qxg2 Bxg2 19. Kxg2 Rad8 20. Rae1 Nd2
21. Rf2 Ne4 22. Nxe4 dxe4 23. Bxe4 f6 24. Bg6 Re7 25. Ng4 Nd5 26. Rfe2 Red7 27.
Kf3 Ne7 28. Bc2 f5 29. Ne5 Rd5 30. Bb3 1-0

[Event "9. Lichtenberger Sommer 2010"]
[Site "Berlin"]
[Date "2010.08.13"]
[Round "7.1"]
[White "Richter, Michael"]
[Black "Stern, René"]
[Result "1/2-1/2"]
[WhiteElo "2428"]
[BlackElo "2490"]
[PlyCount "53"]
[EventDate "2010.??.??"]
[WhiteTeam "Schachpinguine Berlin e.V."]
[BlackTeam "SK König Tegel 1949 e.V."]

1. d4 d5 2. c4 e6 3. Nc3 Be7 4. cxd5 exd5 5. Bf4 Nf6 6. e3 Bf5 7. Nge2 O-O 8.
Ng3 Be6 9. Bd3 c5 10. dxc5 Bxc5 11. O-O Nc6 12. Nb5 a6 13. Rc1 axb5 14. Rxc5 b4
15. Bb1 Ne4 16. Nxe4 dxe4 17. Bd6 Re8 18. Bxe4 Rxa2 19. Qd3 h6 20. Bxc6 bxc6
21. Rxc6 Rxb2 22. Qd4 Ra2 23. Bxb4 Qxd4 24. exd4 Rd8 25. Bc5 Rda8 26. h3 Rd2
27. Rd6 1/2-1/2

[Event "9. Lichtenberger Sommer 2010"]
[Site "Berlin"]
[Date "2010.08.13"]
[Round "7.2"]
[White "Braun, Arik"]
[Black "Petersen, Soren Boeck"]
[Result "1-0"]
[WhiteElo "2527"]
[BlackElo "2262"]
[PlyCount "113"]
[EventDate "2010.??.??"]
[WhiteTeam "SC Eppingen"]
[BlackTeam "Damhus Skakklub"]

1. Nf3 d5 2. d4 Nf6 3. e3 e6 4. b3 Be7 5. Bb2 O-O 6. Nbd2 b6 7. Ne5 Bb7 8. Bd3
Nbd7 9. f4 Ne4 10. Nxe4 dxe4 11. Bc4 Nf6 12. O-O Nd5 13. Qe1 f6 14. Ng4 Qd7 15.
Qg3 b5 16. Be2 b4 17. Nf2 f5 18. Nd1 a5 19. c4 bxc3 20. Nxc3 Ba6 21. Bxa6 Rxa6
22. Rfc1 Rb8 23. Na4 Nb4 24. d5 Bf8 25. dxe6 Rxe6 26. Be5 Rc6 27. Rxc6 Qxc6 28.
Qe1 Bd6 29. Rc1 Qd5 30. Rd1 Nd3 31. Bxd6 cxd6 32. Qc3 Qb5 33. Qc7 Qb4 34. h3 h6
35. Qc6 Kh7 36. Kh2 Rf8 37. Nb6 Qc5 38. Qxc5 dxc5 39. Nc4 Rb8 40. g4 fxg4 41.
hxg4 a4 42. Rb1 Rb4 43. Nd2 Kg6 44. Kg3 axb3 45. axb3 h5 46. g5 Kf5 47. Ra1 Rb7
48. Ra6 h4+ 49. Kxh4 Nxf4 50. exf4 e3 51. Nf1 Kxf4 52. Ng3 Rxb3 53. Ra7 Kf3 54.
g6 Rb4+ 55. Kh3 e2 56. Rf7+ Rf4 57. Nxe2 1-0

[Event "9. Lichtenberger Sommer 2010"]
[Site "Berlin"]
[Date "2010.08.13"]
[Round "7.3"]
[White "Rabiega, Robert"]
[Black "Friedrich, Wiede"]
[Result "1-0"]
[WhiteElo "2508"]
[BlackElo "2183"]
[PlyCount "55"]
[EventDate "2010.??.??"]
[WhiteTeam "SK König Tegel 1949 e.V."]
[BlackTeam "USV Potsdam e.V., Abt. Schach"]

1. e4 c5 2. Nf3 d6 3. Bc4 Nc6 4. c3 Nf6 5. d3 e6 6. Bb3 Be7 7. O-O O-O 8. Re1
Bd7 9. Nbd2 Ne5 10. Nxe5 dxe5 11. Nc4 Qc7 12. a4 b5 13. axb5 Bxb5 14. Qf3 Nd7
15. Qg3 Bf6 16. Rd1 Nb6 17. Ne3 Qe7 18. Ng4 Nd7 19. Nxf6+ Qxf6 20. f4 Qg6 21.
Qf2 exf4 22. Bxf4 e5 23. Be3 Rfc8 24. Bd5 Bc6 25. Bc4 Qf6 26. Qg3 Qe7 27. Rf1
Rf8 28. Bh6 1-0

[Event "9. Lichtenberger Sommer 2010"]
[Site "Berlin"]
[Date "2010.08.13"]
[Round "7.4"]
[White "Muse, Drazen"]
[Black "Brustkern, Jürgen"]
[Result "0-1"]
[WhiteElo "2378"]
[BlackElo "2266"]
[PlyCount "91"]
[EventDate "2010.??.??"]
[WhiteTeam "SK König Tegel 1949 e.V."]
[BlackTeam "SK Zehlendorf e.V."]

1. Nf3 Nc6 2. g3 e5 3. d3 d5 4. Bg2 Nf6 5. O-O Be7 6. c4 dxc4 7. Qa4 O-O 8.
Qxc4 Be6 9. Qa4 Nd5 10. Nc3 Nb6 11. Qc2 Nd4 12. Nxd4 exd4 13. Ne4 Bd5 14. Bf4
c5 15. Bh3 g5 16. Bc1 g4 17. Bg2 f5 18. Nd2 Bxg2 19. Kxg2 Qd5+ 20. Kg1 Rae8 21.
Qb3 Rf6 22. Qxd5+ Nxd5 23. a3 Re6 24. Re1 Bf6 25. Kf1 b5 26. Ra2 h5 27. b3 Nc3
28. Rc2 Kf7 29. b4 Nxe2 30. Rxe2 Rxe2 31. bxc5 Bg5 32. c6 Re1+ 33. Kg2 Rxc1 34.
Rxc1 Bxd2 35. Rc5 Ke6 36. Rxb5 Rc8 37. Rc5 Rc7 38. h3 Bg5 39. a4 Be7 40. Ra5
Bb4 41. Rb5 a5 42. Rb8 Rxc6 43. Rh8 Rc3 44. Rh6+ Kf7 45. Rxh5 Kg6 46. hxg4 0-1

[Event "9. Lichtenberger Sommer 2010"]
[Site "Berlin"]
[Date "2010.08.13"]
[Round "7.6"]
[White "Glantz, Robert"]
[Black "Brüdigam, Martin"]
[Result "1/2-1/2"]
[WhiteElo "2207"]
[BlackElo "2318"]
[PlyCount "48"]
[EventDate "2010.??.??"]
[WhiteTeam "Sfrd. Berlin 1903 e.V."]
[BlackTeam "Sfrd. Berlin 1903 e.V."]

1. e4 c5 2. Nf3 Nc6 3. Bb5 Qb6 4. Nc3 e6 5. Bxc6 Qxc6 6. d4 Nf6 7. d5 Qa6 8. a4
d6 9. Nb5 Qa5+ 10. Bd2 Qb6 11. Qe2 e5 12. h3 Be7 13. O-O O-O 14. Rfb1 Ne8 15.
Be3 a6 16. Na3 a5 17. Nd2 f5 18. exf5 Bxf5 19. Qc4 Qd8 20. Ne4 Rf7 21. Nb5 Nc7
22. Nxc7 Qxc7 23. b3 Raf8 24. c3 Rc8 1/2-1/2

[Event "9. Lichtenberger Sommer 2010"]
[Site "Berlin"]
[Date "2010.08.13"]
[Round "7.7"]
[White "Von Herman, Ulf"]
[Black "Jahnz, Fabian"]
[Result "1-0"]
[WhiteElo "2400"]
[BlackElo "2186"]
[PlyCount "89"]
[EventDate "2010.??.??"]
[WhiteTeam "SK König Tegel 1949 e.V."]
[BlackTeam "SK König Tegel 1949 e.V."]

1. d4 d5 2. c4 dxc4 3. Nf3 Nf6 4. Nc3 e6 5. e4 Bb4 6. Bg5 c5 7. Bxc4 cxd4 8.
Nxd4 Bxc3+ 9. bxc3 Nbd7 10. O-O Qa5 11. Bh4 O-O 12. Qe2 a6 13. Bb3 b6 14. Rad1
Re8 15. f4 Bb7 16. e5 Nd5 17. Be1 Qc5 18. c4 Ne7 19. Kh1 Rad8 20. Ba4 Qc7 21.
Bh4 b5 22. cxb5 Qa5 23. Bb3 Nc5 24. Bc2 axb5 25. f5 exf5 26. Bxe7 Rxe7 27. Nxf5
Red7 28. Nd6 Qa8 29. Qf2 Ne4 30. Nxe4 Rxd1 31. Nf6+ gxf6 32. Bxd1 Be4 33. Bb3
f5 34. e6 fxe6 35. Bxe6+ Kg7 36. Bxf5 Bxf5 37. Qxf5 Qd5 38. Qf6+ Kg8 39. h3 Qd6
40. Qg5+ Kh8 41. Qxb5 Rf8 42. Qb2+ Kg8 43. Qb3+ Kh8 44. Qc3+ Kg8 45. Re1 1-0

[Event "9. Lichtenberger Sommer 2010"]
[Site "Berlin"]
[Date "2010.08.13"]
[Round "7.8"]
[White "Reichenbach, Werner"]
[Black "Figura, Atila Gajo"]
[Result "0-1"]
[WhiteElo "2269"]
[BlackElo "2403"]
[PlyCount "68"]
[EventDate "2010.??.??"]
[WhiteTeam "SK Zehlendorf e.V."]
[BlackTeam "SC Kreuzberg e.V."]

1. d4 Nf6 2. Nf3 e6 3. e3 b6 4. Bd3 Bb7 5. O-O Be7 6. c4 O-O 7. Nc3 d5 8. b3
Nbd7 9. Bb2 Ne4 10. Rc1 f5 11. Qe2 a6 12. Rfd1 Bd6 13. cxd5 exd5 14. g3 Qe7 15.
Bb1 Rf6 16. Ne1 c6 17. Ng2 Raf8 18. f4 Rh6 19. Ne1 Ndf6 20. Nf3 Ng4 21. Kg2 c5
22. h4 cxd4 23. exd4 Re6 24. Nxe4 dxe4 25. Ne5 Bxe5 26. dxe5 b5 27. Bd4 e3+ 28.
Kf1 Bf3 29. Qxf3 Nh2+ 30. Ke2 Nxf3 31. Kxf3 Qb7+ 32. Kxe3 Rc6 33. Bc5 Rxc5 34.
Rxc5 Qg2 0-1

[Event "9. Lichtenberger Sommer 2010"]
[Site "Berlin"]
[Date "2010.08.13"]
[Round "7.9"]
[White "Postler, Reinhard"]
[Black "Fischer, Daniel"]
[Result "1/2-1/2"]
[WhiteElo "2327"]
[BlackElo "2089"]
[PlyCount "64"]
[EventDate "2010.??.??"]
[WhiteTeam "TSG Oberschöneweide e.V."]
[BlackTeam "SK Oberkirch"]

1. e4 d6 2. d4 Nf6 3. Nc3 e5 4. Nf3 exd4 5. Nxd4 Be7 6. Bd3 Nc6 7. Nxc6 bxc6 8.
O-O O-O 9. h3 Nd7 10. f4 Nc5 11. Be3 Nxd3 12. cxd3 d5 13. Na4 Ba6 14. Rf2 d4
15. Bc1 Bb5 16. b3 Bxa4 17. bxa4 Rb8 18. Rc2 Bb4 19. Bd2 Qd6 20. Bxb4 Rxb4 21.
Qc1 Rxa4 22. Rxc6 Qa3 23. Qc2 h6 24. Rxc7 Rb4 25. Qc5 a5 26. Rc1 Qxa2 27. Rc8
Rxc8 28. Qxc8+ Kh7 29. Qf5+ g6 30. Qf6 Rb1 31. Rxb1 Qxb1+ 32. Kh2 Qb3 1/2-1/2

[Event "9. Lichtenberger Sommer 2010"]
[Site "Berlin"]
[Date "2010.08.13"]
[Round "7.10"]
[White "Kapp, Martin"]
[Black "Schmid, Thomas"]
[Result "1-0"]
[WhiteElo "2171"]
[BlackElo "2268"]
[PlyCount "61"]
[EventDate "2010.??.??"]
[WhiteTeam "TSV IFA Chemnitz"]
[BlackTeam "Lübecker SV von 1873"]

1. d4 Nf6 2. c4 c5 3. d5 b5 4. cxb5 a6 5. b6 Qxb6 6. Nc3 d6 7. Nf3 g6 8. Nd2
Bg7 9. Nc4 Qb4 10. e3 O-O 11. Bd2 Nbd7 12. a4 Qb8 13. Ra3 Qc7 14. e4 Rb8 15.
Be2 Ne8 16. f4 e6 17. O-O Bd4+ 18. Kh1 Nef6 19. f5 exd5 20. Nxd5 Nxd5 21. exd5
Ne5 22. Rg3 Nxc4 23. Bxc4 Be5 24. Bf4 Bxb2 25. Bh6 Be5 26. fxg6 Bxg3 27. gxh7+
Kh8 28. hxg3 Re8 29. Qh5 Bf5 30. Qxf5 Qe7 31. Bg5 1-0

[Event "9. Lichtenberger Sommer 2010"]
[Site "Berlin"]
[Date "2010.08.13"]
[Round "7.11"]
[White "Magnussen, Helge"]
[Black "Plump, Detlef"]
[Result "1/2-1/2"]
[WhiteElo "2119"]
[BlackElo "2258"]
[PlyCount "90"]
[EventDate "2010.??.??"]
[WhiteTeam "Elmshorner SC von 1896"]
[BlackTeam "Chessclub York"]

1. d4 Nf6 2. c4 e6 3. Nc3 Bb4 4. e3 c5 5. Nge2 cxd4 6. exd4 d5 7. c5 Ne4 8. Bd2
Nxd2 9. Qxd2 b6 10. a3 Bxc3 11. Nxc3 bxc5 12. dxc5 a5 13. Rb1 O-O 14. b4 axb4
15. axb4 d4 16. Nb5 e5 17. Nd6 Be6 18. Bd3 Ra2 19. Rb2 Ra1+ 20. Bb1 Nd7 21. O-O
Qa8 22. Rc1 f5 23. b5 Qd5 24. Qb4 d3 25. c6 Nb6 26. Rd2 e4 27. Rdd1 Ra4 28. Qc5
Qxc5 29. Rxc5 Bb3 30. Rf1 d2 31. Bc2 Bxc2 32. Rxc2 Rd4 33. Rd1 Rxd6 34. Rcxd2
Rxd2 35. Rxd2 Ra8 36. g4 f4 37. c7 Kf7 38. Rd8 Ra1+ 39. Kg2 Rc1 40. Rb8 Rxc7
41. Rxb6 Rc2 42. Kf1 f3 43. Ke1 Re2+ 44. Kf1 Rb2 45. Ke1 Re2+ 1/2-1/2

[Event "9. Lichtenberger Sommer 2010"]
[Site "Berlin"]
[Date "2010.08.13"]
[Round "7.12"]
[White "Rietze, Clemens"]
[Black "Schwarz, Oliver"]
[Result "1-0"]
[WhiteElo "2231"]
[BlackElo "2114"]
[PlyCount "77"]
[EventDate "2010.??.??"]
[WhiteTeam "USV Potsdam e.V., Abt. Schach"]
[BlackTeam "SV Bad Schwartau von 1930"]

1. e4 c5 2. Nf3 d6 3. d4 cxd4 4. Nxd4 Nf6 5. Nc3 e6 6. Bg5 Be7 7. Qd2 a6 8.
O-O-O Qc7 9. f4 Bd7 10. Nf3 Nc6 11. e5 dxe5 12. fxe5 Ng4 13. Bxe7 Nxe7 14. h3
Nh6 15. Ne4 O-O-O 16. Qb4 Nd5 17. Rxd5 exd5 18. Nd6+ Kb8 19. Bxa6 Nf5 20. Nxb7
Ka7 21. Nc5 Bc8 22. Qa3 Bxa6 23. Qxa6+ Kb8 24. Qb5+ Ka7 25. Rd1 Qb6 26. Qa4+
Kb8 27. Nd7+ Rxd7 28. Qxd7 Ne3 29. Rd3 Rd8 30. Qxf7 Nxc2 31. Rb3 Nb4 32. Kb1
Qc5 33. Rc3 Qb6 34. e6 d4 35. Rc4 Nd3 36. b3 Nc5 37. e7 Ne4 38. exd8=Q+ Qxd8
39. Rb4+ 1-0

[Event "9. Lichtenberger Sommer 2010"]
[Site "Berlin"]
[Date "2010.08.13"]
[Round "7.13"]
[White "Kohler, Thomas"]
[Black "Nötzel, Felix"]
[Result "1-0"]
[WhiteElo "2246"]
[BlackElo "1966"]
[PlyCount "49"]
[EventDate "2010.??.??"]
[WhiteTeam "SC Zitadelle Spandau 1977 e.V."]
[BlackTeam "SC Borussia Friedrichsfelde 1920"]

1. g3 d5 2. Nf3 Nd7 3. d4 e6 4. Bg2 f5 5. O-O Ngf6 6. Nbd2 Bd6 7. c4 c6 8. b3
O-O 9. Bb2 Ne4 10. Qc2 Rf6 11. Ne5 Rh6 12. Ndf3 g5 13. Bc1 Rh5 14. Nd3 Qf6 15.
Nfe5 Nxe5 16. dxe5 Bxe5 17. Nxe5 Qxe5 18. Bb2 Qd6 19. Rad1 Qe7 20. Bxe4 fxe4
21. Qc3 b6 22. Qe5 Qd7 23. f4 h6 24. Qh8+ Kf7 25. fxg5+ 1-0

[Event "9. Lichtenberger Sommer 2010"]
[Site "Berlin"]
[Date "2010.08.13"]
[Round "7.14"]
[White "Kalinitschew, Sergey"]
[Black "Hüttemann, Ralf"]
[Result "0-1"]
[WhiteElo "2462"]
[BlackElo "2068"]
[PlyCount "43"]
[EventDate "2010.??.??"]
[WhiteTeam "SC Kreuzberg e.V."]
[BlackTeam "Schachfreunde Battenberg"]

1. Nf3 d5 2. c4 e6 3. d4 c5 4. cxd5 exd5 5. g3 Nf6 6. Bg2 Nc6 7. O-O c4 8. b3
Bb4 9. Ne5 O-O 10. bxc4 dxc4 11. Bxc6 bxc6 12. Nxc6 Qd6 13. Nxb4 Qxb4 14. Ba3
Qb7 15. f3 Re8 16. Nc3 Bh3 17. Rf2 Rad8 18. e4 Qa6 19. Bb2 h5 20. Qd2 Bc8 21.
Rd1 Nh7 22. Qg5 0-1

[Event "9. Lichtenberger Sommer 2010"]
[Site "Berlin"]
[Date "2010.08.13"]
[Round "7.15"]
[White "Amelang, Thomas"]
[Black "Köpke, Christian"]
[Result "1/2-1/2"]
[WhiteElo "2153"]
[BlackElo "2381"]
[PlyCount "113"]
[EventDate "2010.??.??"]
[WhiteTeam "SK Siemens München"]
[BlackTeam "SC Tarrasch 45 München"]

1. e4 c5 2. Nc3 g6 3. d3 Nc6 4. Be3 d6 5. g3 Bg7 6. Qd2 Rb8 7. Bg2 b5 8. f4 b4
9. Nd1 Qb6 10. Nf3 f5 11. exf5 gxf5 12. O-O Nf6 13. h3 O-O 14. Bf2 e6 15. Ne3
Bb7 16. g4 fxg4 17. hxg4 Qc7 18. Bg3 Nd4 19. Ng5 h6 20. Ne4 Nd5 21. Nc4 Rbd8
22. f5 e5 23. c3 Nb5 24. g5 hxg5 25. Qxg5 Nf6 26. Ncxd6 Nxd6 27. Nxf6+ Rxf6 28.
Bxe5 Rdf8 29. Bxf6 Rxf6 30. Rae1 Bxg2 31. Qxg2 Qf7 32. Re6 Rxe6 33. fxe6 Qxe6
34. Qg5 bxc3 35. bxc3 Nf7 36. Qf5 Qe3+ 37. Kg2 Nh6 38. Qd5+ Kh8 39. Qa8+ Kh7
40. Qe4+ Qxe4+ 41. dxe4 Bxc3 42. Kf3 Kg6 43. Ke3 Bd4+ 44. Kd3 Ng4 45. Rf8 Ne5+
46. Kc2 c4 47. Rd8 Bb6 48. Rd5 Kf6 49. Kc3 Ke6 50. Rb5 Nf7 51. Rh5 Nd6 52. e5
Nf7 53. Kxc4 Nxe5+ 54. Kb5 Kd6 55. Rh6+ Kc7 56. a4 Kb7 57. Rxb6+ 1/2-1/2

[Event "9. Lichtenberger Sommer 2010"]
[Site "Berlin"]
[Date "2010.08.13"]
[Round "7.16"]
[White "Syré, Christian"]
[Black "Heuser, Philip"]
[Result "1-0"]
[WhiteElo "2282"]
[BlackElo "2108"]
[PlyCount "59"]
[EventDate "2010.??.??"]
[WhiteTeam "TSG Oberschöneweide e.V."]
[BlackTeam "SG Heidelberg-Kirchheim"]

1. d4 d5 2. c4 c6 3. cxd5 cxd5 4. Nc3 Nf6 5. Bf4 Qb6 6. Qd2 Nc6 7. e3 Bf5 8.
Bb5 e6 9. a3 Be7 10. Rc1 Rc8 11. f3 h5 12. Nge2 h4 13. h3 Kf8 14. Bxc6 Rxc6 15.
O-O Qa6 16. Rfd1 Rh5 17. Kh1 Bd6 18. Bxd6+ Rxd6 19. Na2 g6 20. Rc3 Kg7 21. Rdc1
Rh8 22. Nb4 Qb6 23. Rc7 Rhd8 24. R1c5 a5 25. Na2 Ra8 26. Nec3 Rc6 27. Na4 Qb3
28. N2c3 Rxc5 29. Nxc5 Qc4 30. b3 1-0

[Event "9. Lichtenberger Sommer 2010"]
[Site "Berlin"]
[Date "2010.08.13"]
[Round "7.17"]
[White "Vogel, Robert"]
[Black "Moritz, Aron"]
[Result "0-1"]
[WhiteElo "2284"]
[BlackElo "2027"]
[PlyCount "78"]
[EventDate "2010.??.??"]
[WhiteTeam "SGem Pang/Rosenheim"]
[BlackTeam "SV Empor Berlin e.V."]

1. d4 Nf6 2. c4 e6 3. Nc3 d5 4. Nf3 Nbd7 5. Bg5 c6 6. e3 Qa5 7. Nd2 dxc4 8.
Bxf6 Nxf6 9. Nxc4 Qg5 10. h4 Qg4 11. Qc2 Bb4 12. Bd3 Bxc3+ 13. bxc3 Qxg2 14.
O-O-O Qd5 15. Rhg1 g6 16. e4 Qd8 17. e5 Nd5 18. Rg4 Kd7 19. Qd2 b5 20. Nd6 f5
21. Rg5 Qa5 22. Kb2 Rb8 23. Bc2 b4 24. cxb4 Rxb4+ 25. Bb3 Qb6 26. h5 Kc7 27.
hxg6 hxg6 28. Rxg6 Rh3 29. Rg3 Rh4 30. Rg7+ Bd7 31. Qg5 Rhxd4 32. Rh1 Rh4 33.
Rxh4 Qxf2+ 34. Ka3 Rxh4 35. Ne8+ Kb6 36. Qd8+ Ka6 37. Bxd5 Qe3+ 38. Kb2 Qd2+
39. Kb3 Rb4+ 0-1